| 000 | 00575nam a2200241 a 4500 | ||
|---|---|---|---|
| 001 | nice12345678 | ||
| 003 | IN_TiNIC | ||
| 005 | 20260116011518.0 | ||
| 008 | 050524s1855 lona grp 000 0 per | ||
| 020 |
_a _c100 |
||
| 082 | 0 | 0 |
_a297.35 _bMAJ |
| 100 | _aMajlisi, | ||
| 245 | _aTohfatuz Zaireen | ||
| 260 |
_aLondon _bNo Publisher _c1855 |
||
| 300 | _a428p | ||
| 500 | _aincludes index and biblioraphy | ||
| 505 | 2 | _aarchive, 2 parts bound together | |
| 650 | _aShrine-Islam-Shiah | ||
| 700 | 1 | _aMajlisi, | |
| 902 | _bRBA | ||
| 942 | _cBK | ||
| 999 |
_c2194 _d2194 |
||